000 00362pam a2200133a 44500
008 230405s2010 xxu||||| |||| 00| 0 eng d
041 _aENG
100 _aDR A V YADAV / B V YADAV/ SHAIKH J I
245 _aHAND BOOK OF CLINICAL PHARMACY
250 _a6
260 _aNEW YORK
_bMARCEL DEKKER INC PUBLICATIONS NEW YORK
_c2010
300 _a17.4
906 _a4267
999 _c269706
_d269706